000 00465nam a2200181Ia 4500
001 18940
005 20260306171707.0
008 260306s9999||||xx |||||||||||||| ||und||
041 _aESP
082 _a658.562
_bL88A
100 _aLópez Lemos, Paloma
_eAUT
245 0 _aCómo hacer el manual de calidad según la nueva ISO 9001:
_b2008
260 _c2011
300 _a148 páginas :
_c23 cm.
650 _aGEN
654 _aCAN
942 _cLIB
_dJUS
_fJUS
_2ddc
_n
999 _c18940
_d18940